[Event "Summer Prague Open 2022 - A"]
[Site "Olympik hotel, Sokolovska 138, Praha"]
[Date "2022.08.06"]
[Round "2"]
[Board "10"]
[White "Stoica, Savas Marin"]
[Black "Neuman, Petr"]
[Result "1/2-1/2"]
[WhiteElo "2092"]
[BlackElo "2393"]
[PlyCount "0"]
[EventDate "2022.08.05"]
[EventRounds "9"]
[EventCountry "CZE"]

1. d4 {[%clk 1:30:51]} Nf6 {[%clk 1:30:53]} 2. c4 {[%clk 1:31:17]} e6
{[%clk 1:31:13]} 3. Nc3 {[%clk 1:31:34]} Bb4 {[%clk 1:31:28]} 4. f3
{[%clk 1:31:58]} c5 {[%clk 1:31:04]} 5. d5 {[%clk 1:32:23]} d6 {[%clk 1:27:57]}
6. e4 {[%clk 1:32:51]} a6 {[%clk 1:24:23]} 7. Nge2 {[%clk 1:27:58]} b5
{[%clk 1:09:39]} 8. Nf4 {[%clk 1:27:21]} O-O {[%clk 1:02:38]} 9. Bd2
{[%clk 1:09:55]} exd5 {[%clk 0:48:59]} 10. Ncxd5 {[%clk 1:09:39]} Nxd5
{[%clk 0:49:24]} 11. Nxd5 {[%clk 1:09:59]} Bxd2+ {[%clk 0:49:42]} 12. Qxd2
{[%clk 1:10:24]} Nc6 {[%clk 0:50:05]} 13. Be2 {[%clk 1:00:08]} Nd4
{[%clk 0:46:43]} 14. O-O {[%clk 1:00:27]} Be6 {[%clk 0:46:35]} 15. Ne3
{[%clk 0:59:17]} g6 {[%clk 0:39:01]} 16. Rae1 {[%clk 0:52:22]} f5
{[%clk 0:37:58]} 17. exf5 {[%clk 0:52:19]} gxf5 {[%clk 0:38:23]} 18. b3
{[%clk 0:39:48]} Qf6 {[%clk 0:29:20]} 19. Bd3 {[%clk 0:39:43]} Rae8
{[%clk 0:28:14]} 20. Kh1 {[%clk 0:39:13]} Bf7 {[%clk 0:26:49]} 21. Qf2
{[%clk 0:26:15]} f4 {[%clk 0:16:19]} 22. Nd5 {[%clk 0:24:08]} Bxd5
{[%clk 0:16:23]} 23. cxd5 {[%clk 0:24:31]} Qg5 {[%clk 0:14:49]} 24. Be4
{[%clk 0:23:26]} b4 {[%clk 0:14:58]} 25. Rg1 {[%clk 0:17:24]} Kh8
{[%clk 0:14:52]} 26. g3 {[%clk 0:16:47]} Rf6 {[%clk 0:13:22]} 27. Rg2
{[%clk 0:16:15]} Rff8 {[%clk 0:04:07]} 28. Reg1 {[%clk 0:16:00]} Rg8
{[%clk 0:04:29]} 29. Qf1 {[%clk 0:11:23]} Nb5 {[%clk 0:03:45]} 30. gxf4
{[%clk 0:09:10]} Qxf4 {[%clk 0:03:55]} 31. Rg4 {[%clk 0:09:23]} Qh6
{[%clk 0:02:46]} 32. Qg2 {[%clk 0:07:39]} Rxg4 {[%clk 0:03:12]} 33. Qxg4
{[%clk 0:08:04]} Nc3 {[%clk 0:03:26]} 34. Qd7 {[%clk 0:08:02]} Rf8
{[%clk 0:03:22]} 35. Qb7 {[%clk 0:06:48]} Nxe4 {[%clk 0:02:10]} 36. fxe4
{[%clk 0:07:14]} Rf2 {[%clk 0:02:34]} 37. Qc8+ {[%clk 0:07:09]} Qf8
{[%clk 0:03:02]} 38. Qxf8+ {[%clk 0:06:11]} Rxf8 {[%clk 0:03:30]} 39. e5
{[%clk 0:05:25]} dxe5 {[%clk 0:03:40]} 40. Re1 {[%clk 0:05:34]} Re8
{[%clk 0:03:47]} 41. Kg2 {[%clk 0:05:45]} e4 {[%clk 0:02:05]} 42. Kf2
{[%clk 0:05:55]} Kg7 {[%clk 0:02:03]} 43. Ke3 {[%clk 0:05:47]} Kf6
{[%clk 0:02:08]} 44. Rc1 {[%clk 0:06:12]} Ke5 {[%clk 0:01:30]} 45. Rxc5
{[%clk 0:06:36]} Rf8 {[%clk 0:01:02]} 46. d6+ {[%clk 0:04:27]}  1/2-1/2

[Event "Summer Prague Open 2022 - A"]
[Site "Olympik hotel, Sokolovska 138, Praha"]
[Date "2022.08.06"]
[Round "2"]
[Board "11"]
[White "Hollan, Martin"]
[Black "Bonassi, Tommaso"]
[Result "1-0"]
[WhiteElo "2381"]
[BlackElo "2087"]
[PlyCount "0"]
[EventDate "2022.08.05"]
[EventRounds "9"]
[EventCountry "CZE"]

1. e4 {[%clk 1:28:57]} c5 {[%clk 1:30:54]} 2. Nf3 {[%clk 1:29:04]} d6
{[%clk 1:31:14]} 3. Bb5+ {[%clk 1:29:27]} Bd7 {[%clk 1:31:35]} 4. Bxd7+
{[%clk 1:29:49]} Nxd7 {[%clk 1:31:58]} 5. O-O {[%clk 1:30:12]} Ngf6
{[%clk 1:32:21]} 6. Qe2 {[%clk 1:30:37]} e6 {[%clk 1:31:35]} 7. b3
{[%clk 1:31:01]} Be7 {[%clk 1:31:20]} 8. Bb2 {[%clk 1:31:26]} O-O
{[%clk 1:31:37]} 9. d4 {[%clk 1:31:43]} cxd4 {[%clk 1:26:20]} 10. Nxd4
{[%clk 1:32:06]} a6 {[%clk 1:26:29]} 11. c4 {[%clk 1:32:22]} Rc8 {[%clk 1:26:44]}
12. Nc3 {[%clk 1:25:43]} Qa5 {[%clk 1:23:36]} 13. Rfd1 Qg5 {[%clk 1:09:13]} 14.
Kh1 {[%clk 1:06:06]} Ne5 {[%clk 0:49:09]} 15. g3 {[%clk 1:00:12]} Nc6
{[%clk 0:49:20]} 16. Nxc6 {[%clk 0:47:19]} Rxc6 {[%clk 0:49:40]} 17. f3
{[%clk 0:45:32]} Bd8 {[%clk 0:39:54]} 18. Rd3 {[%clk 0:40:42]} Bc7
{[%clk 0:37:53]} 19. Rad1 {[%clk 0:34:25]} Qa5 {[%clk 0:35:47]} 20. a4
{[%clk 0:30:25]} Nd7 {[%clk 0:29:49]} 21. Ba3 {[%clk 0:24:35]} Ne5
{[%clk 0:29:24]} 22. Re3 {[%clk 0:22:46]} Bb8 {[%clk 0:19:54]} 23. f4
{[%clk 0:21:43]} Ng6 {[%clk 0:20:17]} 24. Red3 {[%clk 0:19:25]} Re8
{[%clk 0:19:32]} 25. Nb1 {[%clk 0:12:47]} Qb6 {[%clk 0:18:03]} 26. Nd2
{[%clk 0:11:35]} Nf8 {[%clk 0:11:22]} 27. Nf3 {[%clk 0:11:25]} Nd7
{[%clk 0:10:29]} 28. e5 {[%clk 0:08:58]} dxe5 {[%clk 0:09:37]} 29. Rxd7
{[%clk 0:08:24]} exf4 {[%clk 0:09:01]} 30. Ng5 {[%clk 0:07:28]} Rc7
{[%clk 0:06:49]} 31. Qh5 {[%clk 0:05:55]} Qc6+ {[%clk 0:07:08]} 32. R1d5
{[%clk 0:06:02]}  1-0

[Event "Summer Prague Open 2022 - A"]
[Site "Olympik hotel, Sokolovska 138, Praha"]
[Date "2022.08.06"]
[Round "2"]
[Board "12"]
[White "Dette, Jan"]
[Black "Meissner, Felix"]
[Result "0-1"]
[WhiteElo "2078"]
[BlackElo "2381"]
[PlyCount "0"]
[EventDate "2022.08.05"]
[EventRounds "9"]
[EventCountry "CZE"]

1. e4 {[%clk 1:30:58]} c5 {[%clk 1:30:54]} 2. Nf3 {[%clk 1:31:19]} d6
{[%clk 1:31:17]} 3. d4 {[%clk 1:31:45]} cxd4 {[%clk 1:31:39]} 4. Nxd4
{[%clk 1:32:10]} Nf6 {[%clk 1:32:04]} 5. Nc3 {[%clk 1:32:36]} a6 {[%clk 1:32:29]}
6. g3 {[%clk 1:33:01]} e5 {[%clk 1:32:50]} 7. Nf3 {[%clk 1:33:26]} Be7
{[%clk 1:32:37]} 8. Nh4 {[%clk 1:33:50]} O-O {[%clk 1:31:53]} 9. Ng2
{[%clk 1:34:14]} Nc6 {[%clk 1:27:44]} 10. Ne3 {[%clk 1:31:44]} Nd4
{[%clk 1:26:24]} 11. Bg2 {[%clk 1:30:21]} Be6 {[%clk 1:25:23]} 12. O-O
{[%clk 1:28:41]} Rc8 {[%clk 1:23:52]} 13. Ncd5 {[%clk 1:22:02]} Nxd5
{[%clk 1:22:26]} 14. exd5 {[%clk 1:20:59]} Bd7 {[%clk 1:22:16]} 15. a4
{[%clk 1:17:33]} Nf5 {[%clk 1:15:24]} 16. Qd3 {[%clk 0:45:29]} Nxe3
{[%clk 1:15:08]} 17. Bxe3 {[%clk 0:45:51]} b5 {[%clk 1:13:31]} 18. b3
{[%clk 0:43:53]} f5 {[%clk 1:05:04]} 19. axb5 {[%clk 0:41:28]} axb5
{[%clk 1:04:35]} 20. Ra7 {[%clk 0:33:47]} Bf6 {[%clk 0:56:28]} 21. Qd2
{[%clk 0:30:56]} Rf7 {[%clk 0:49:28]} 22. Qb4 {[%clk 0:29:01]} Qf8
{[%clk 0:37:55]} 23. Ra6 {[%clk 0:22:16]} Be7 {[%clk 0:32:05]} 24. f4
{[%clk 0:19:39]} Rxc2 {[%clk 0:23:11]} 25. fxe5 {[%clk 0:19:57]} Bc8
{[%clk 0:18:19]} 26. e6 {[%clk 0:13:51]} Bxa6 {[%clk 0:17:53]} 27. exf7+
{[%clk 0:12:25]} Qxf7 {[%clk 0:18:18]} 28. Be4 {[%clk 0:12:41]} Re2
{[%clk 0:16:37]} 29. Rxf5 {[%clk 0:12:59]} Bf6 {[%clk 0:14:47]} 30. Bg5
{[%clk 0:10:15]} Qe8 {[%clk 0:10:26]} 31. Bf3 {[%clk 0:07:34]} Bxg5
{[%clk 0:08:37]} 32. Bxe2 {[%clk 0:06:36]} Qxe2 {[%clk 0:08:38]} 33. Qxd6
{[%clk 0:05:39]} Be3+ {[%clk 0:08:26]} 34. Kh1 {[%clk 0:06:02]} Qd1+
{[%clk 0:08:31]} 35. Kg2 {[%clk 0:06:25]} Qc2+ {[%clk 0:08:53]} 36. Kf3
{[%clk 0:05:53]} Qxf5+ {[%clk 0:08:53]} 37. Kxe3 {[%clk 0:06:18]} Bc8
{[%clk 0:08:23]} 38. Qc7 {[%clk 0:05:08]} Bd7 {[%clk 0:07:33]} 39. Kd4
{[%clk 0:05:21]} Qf2+ {[%clk 0:06:36]} 40. Kc3 {[%clk 0:05:18]} Qe3+
{[%clk 0:05:41]}  0-1

[Event "Summer Prague Open 2022 - A"]
[Site "Olympik hotel, Sokolovska 138, Praha"]
[Date "2022.08.06"]
[Round "2"]
[Board "13"]
[White "Roubalik, Jakub"]
[Black "Valkova, Angelika"]
[Result "1/2-1/2"]
[WhiteElo "2367"]
[BlackElo "2075"]
[PlyCount "0"]
[EventDate "2022.08.05"]
[EventRounds "9"]
[EventCountry "CZE"]

1. c4 {[%clk 1:30:57]} e6 {[%clk 1:30:52]} 2. Nc3 {[%clk 1:30:56]} d5
{[%clk 1:31:13]} 3. cxd5 {[%clk 1:31:10]} exd5 {[%clk 1:31:38]} 4. d4
{[%clk 1:31:36]} Nf6 {[%clk 1:32:01]} 5. Bg5 {[%clk 1:31:48]} c6 {[%clk 1:32:17]}
6. Qc2 {[%clk 1:31:35]} h6 {[%clk 1:32:33]} 7. Bh4 {[%clk 1:31:38]} g6
{[%clk 1:32:47]} 8. e3 {[%clk 1:30:01]} Bf5 {[%clk 1:33:02]} 9. Qb3
{[%clk 1:28:29]} g5 {[%clk 1:33:23]} 10. Bg3 {[%clk 1:21:22]} Qb6
{[%clk 1:33:46]} 11. f3 {[%clk 1:17:38]} Nbd7 {[%clk 1:32:17]} 12. Nge2
{[%clk 1:15:48]} Bg7 {[%clk 1:23:31]} 13. Bd6 {[%clk 1:11:12]} Bf8
{[%clk 1:21:43]} 14. Bxf8 {[%clk 1:10:49]} Kxf8 {[%clk 1:19:03]} 15. Ng3
{[%clk 1:08:57]} Bg6 {[%clk 1:18:15]} 16. Be2 {[%clk 0:59:15]} Kg7
{[%clk 1:09:41]} 17. Kf2 {[%clk 0:55:52]} Rae8 {[%clk 1:02:41]} 18. Rad1
{[%clk 0:43:04]} Qxb3 {[%clk 0:47:13]} 19. axb3 {[%clk 0:43:32]} Bc2
{[%clk 0:46:58]} 20. Ra1 {[%clk 0:43:42]} a6 {[%clk 0:47:22]} 21. b4
{[%clk 0:38:50]} Nb6 {[%clk 0:45:30]} 22. Ra3 {[%clk 0:34:50]} Nc8
{[%clk 0:43:47]} 23. Na4 {[%clk 0:27:10]} Nd6 {[%clk 0:42:07]} 24. Nc5
{[%clk 0:27:27]} Re7 {[%clk 0:41:32]} 25. Rc3 {[%clk 0:25:48]} Bg6
{[%clk 0:41:41]} 26. h4 {[%clk 0:16:36]} g4 {[%clk 0:28:43]} 27. h5
{[%clk 0:15:22]} Bh7 {[%clk 0:29:03]} 28. Ra3 {[%clk 0:09:42]} gxf3
{[%clk 0:26:14]} 29. gxf3 {[%clk 0:10:05]} Rhe8 {[%clk 0:26:21]} 30. Rc3
{[%clk 0:06:41]} Kh8 {[%clk 0:23:03]} 31. Rh4 {[%clk 0:06:00]} Rg8
{[%clk 0:14:15]} 32. Rf4 {[%clk 0:06:25]} Nde8 {[%clk 0:10:56]} 33. Rh4
{[%clk 0:03:34]} Nd6 {[%clk 0:11:20]} 34. Rf4 {[%clk 0:03:11]} Nde8
{[%clk 0:11:45]} 35. Rh4 {[%clk 0:02:35]} Nd6 {[%clk 0:12:01]}  1/2-1/2

[Event "Summer Prague Open 2022 - A"]
[Site "Olympik hotel, Sokolovska 138, Praha"]
[Date "2022.08.06"]
[Round "2"]
[Board "14"]
[White "Sidletskyi, Ivan"]
[Black "Hrabusa, Matej"]
[Result "1-0"]
[WhiteElo "2075"]
[BlackElo "2354"]
[PlyCount "0"]
[EventDate "2022.08.05"]
[EventRounds "9"]
[EventCountry "CZE"]

1. e4 {[%clk 1:30:45]} c5 {[%clk 1:26:54]} 2. Nf3 {[%clk 1:29:26]} d6
{[%clk 1:27:20]} 3. d4 {[%clk 1:28:52]} cxd4 {[%clk 1:27:45]} 4. Nxd4
{[%clk 1:29:05]} Nf6 {[%clk 1:28:12]} 5. Nc3 {[%clk 1:29:06]} a6 {[%clk 1:28:38]}
6. Bg5 {[%clk 1:28:50]} e6 {[%clk 1:28:55]} 7. f4 {[%clk 1:28:42]} h6
{[%clk 1:29:18]} 8. Bh4 {[%clk 1:28:23]} Qb6 {[%clk 1:29:43]} 9. Qd2
{[%clk 1:24:59]} Qxb2 {[%clk 1:30:05]} 10. Rb1 {[%clk 1:25:17]} Qa3
{[%clk 1:30:28]} 11. f5 {[%clk 1:23:15]} Be7 {[%clk 1:25:40]} 12. fxe6
{[%clk 1:20:24]} fxe6 {[%clk 1:26:02]} 13. Bc4 {[%clk 1:18:19]} Nxe4
{[%clk 1:25:05]} 14. Nxe4 {[%clk 1:17:29]} Bxh4+ {[%clk 1:25:28]} 15. g3
{[%clk 1:16:21]} Bg5 {[%clk 1:25:39]} 16. Nxg5 {[%clk 1:15:19]} hxg5
{[%clk 1:26:04]} 17. O-O {[%clk 1:10:04]} Qc5 {[%clk 1:15:36]} 18. Bxe6
{[%clk 0:55:36]} Nc6 {[%clk 1:03:22]} 19. Bf7+ {[%clk 0:46:03]} Kd8
{[%clk 1:01:19]} 20. c3 {[%clk 0:44:54]} Kc7 {[%clk 0:55:23]} 21. Rf2
{[%clk 0:41:04]} g4 {[%clk 0:45:15]} 22. Be6 {[%clk 0:27:11]} Nd8
{[%clk 0:38:03]} 23. Rf5 {[%clk 0:20:42]} Qa7 {[%clk 0:34:20]} 24. Kh1
{[%clk 0:19:01]} Re8 {[%clk 0:23:58]} 25. Bxc8 {[%clk 0:15:40]} Rxc8
{[%clk 0:23:38]} 26. Qf4 {[%clk 0:15:03]} Re7 {[%clk 0:18:38]} 27. Rd5
{[%clk 0:13:24]} Nf7 {[%clk 0:15:30]} 28. Qxg4 {[%clk 0:11:25]} Kb8
{[%clk 0:13:06]} 29. Qxg7 {[%clk 0:10:38]} Rec7 {[%clk 0:13:02]} 30. Qf6
{[%clk 0:08:46]} Ka8 {[%clk 0:10:38]} 31. Qf2 {[%clk 0:05:14]} Ne5
{[%clk 0:09:28]} 32. Rb3 {[%clk 0:02:57]} Nc4 {[%clk 0:08:00]} 33. Rf5
{[%clk 0:02:05]} Rc5 {[%clk 0:06:14]} 34. Rf7 {[%clk 0:01:59]} Na5
{[%clk 0:05:28]} 35. Rb1 {[%clk 0:01:23]} Rxc3 {[%clk 0:05:08]} 36. Ne6
{[%clk 0:00:47]} Qxf2 {[%clk 0:04:24]} 37. Rxf2 {[%clk 0:01:15]} Nc4
{[%clk 0:04:21]} 38. Rb3 {[%clk 0:00:37]} Ne3 {[%clk 0:03:31]} 39. Rxc3
{[%clk 0:00:54]} Rxc3 {[%clk 0:03:56]} 40. h3 {[%clk 0:01:09]} Rc1+
{[%clk 0:02:17]} 41. Kh2 {[%clk 0:00:47]} Re1 {[%clk 0:21:05]} 42. Nf4
{[%clk 0:30:23]} b5 {[%clk 0:15:39]} 43. g4 {[%clk 0:30:08]} Nf1+
{[%clk 0:08:45]} 44. Kg2 {[%clk 0:30:15]} Ne3+ {[%clk 0:09:07]} 45. Kf3
{[%clk 0:29:17]} Nc4 {[%clk 0:07:55]} 46. g5 {[%clk 0:28:35]} Ne5+
{[%clk 0:06:18]} 47. Kg2 {[%clk 0:28:35]} b4 {[%clk 0:02:58]} 48. g6
{[%clk 0:28:14]} Nxg6 {[%clk 0:02:49]} 49. Nxg6 {[%clk 0:28:42]} a5
{[%clk 0:03:11]} 50. Nf4 {[%clk 0:27:49]} a4 {[%clk 0:03:19]} 51. Nd3
{[%clk 0:27:50]} Re4 {[%clk 0:03:05]} 52. Kf3 {[%clk 0:27:34]} Rd4
{[%clk 0:02:31]} 53. Ke3 {[%clk 0:27:44]} Rh4 {[%clk 0:02:54]} 54. Nf4
{[%clk 0:27:57]} Rh8 {[%clk 0:02:48]} 55. Rb2 {[%clk 0:28:00]} Re8+
{[%clk 0:02:13]} 56. Kd3 {[%clk 0:28:00]} Rb8 {[%clk 0:02:08]} 57. h4
{[%clk 0:24:40]} b3 {[%clk 0:02:00]} 58. axb3 {[%clk 0:25:06]} Rb4
{[%clk 0:01:17]} 59. Ke3 {[%clk 0:24:26]} a3 {[%clk 0:01:37]} 60. Ra2
{[%clk 0:24:25]} Rxb3+ {[%clk 0:02:01]} 61. Ke4 {[%clk 0:24:21]} Kb7
{[%clk 0:01:20]} 62. h5 {[%clk 0:24:29]} Kc6 {[%clk 0:01:04]} 63. h6
{[%clk 0:24:22]} d5+ {[%clk 0:01:30]} 64. Kf5 {[%clk 0:24:25]} d4
{[%clk 0:01:00]} 65. h7 {[%clk 0:24:45]} Rb5+ {[%clk 0:01:26]} 66. Kg6
{[%clk 0:24:58]}  1-0

[Event "Summer Prague Open 2022 - A"]
[Site "Olympik hotel, Sokolovska 138, Praha"]
[Date "2022.08.07"]
[Round "3"]
[Board "2"]
[White "Mirzoev, Azer"]
[Black "Jedlicka, Ales"]
[Result "1-0"]
[WhiteElo "2435"]
[BlackElo "2216"]
[PlyCount "0"]
[EventDate "2022.08.05"]
[EventRounds "9"]
[EventCountry "CZE"]

1. d4 {[%clk 1:30:10]} Nf6 {[%clk 1:30:21]} 2. Nf3 {[%clk 1:29:54]} e6
{[%clk 1:29:57]} 3. c4 {[%clk 1:30:18]} b6 {[%clk 1:29:00]} 4. Nc3
{[%clk 1:30:33]} Bb4 {[%clk 1:28:48]} 5. Qb3 {[%clk 1:30:38]} a5 {[%clk 1:28:17]}
6. Bg5 {[%clk 1:30:30]} Bb7 {[%clk 1:28:02]} 7. e3 {[%clk 1:30:42]} h6
{[%clk 1:27:35]} 8. Bh4 {[%clk 1:31:05]} g5 {[%clk 1:26:42]} 9. Bg3
{[%clk 1:31:27]} Ne4 {[%clk 1:25:45]} 10. Nd2 {[%clk 1:29:15]} Nxg3
{[%clk 1:21:50]} 11. hxg3 {[%clk 1:29:31]} d6 {[%clk 1:21:51]} 12. O-O-O
{[%clk 1:28:50]} Nd7 {[%clk 1:21:46]} 13. f3 {[%clk 1:19:06]} Qe7
{[%clk 1:19:51]} 14. Bd3 {[%clk 1:10:15]} O-O-O {[%clk 1:15:17]} 15. Be4
{[%clk 1:10:23]} Bxe4 {[%clk 1:05:44]} 16. Ndxe4 {[%clk 1:09:11]} f5
{[%clk 1:05:43]} 17. Nf2 {[%clk 1:06:46]} Bxc3 {[%clk 1:04:40]} 18. Qxc3
{[%clk 1:07:12]} Nf6 {[%clk 0:59:40]} 19. Qc2 {[%clk 1:05:21]} Kb8
{[%clk 0:58:53]} 20. Kb1 {[%clk 1:05:46]} h5 {[%clk 0:56:32]} 21. a3
{[%clk 1:02:10]} h4 {[%clk 0:49:09]} 22. gxh4 {[%clk 1:02:21]} gxh4
{[%clk 0:48:51]} 23. Nh3 {[%clk 1:02:15]} Nh5 {[%clk 0:48:12]} 24. Rhe1
{[%clk 1:01:33]} Rhg8 {[%clk 0:47:50]} 25. e4 {[%clk 0:59:52]} fxe4
{[%clk 0:47:49]} 26. Rxe4 {[%clk 1:00:02]} Ng3 {[%clk 0:46:39]} 27. Re3
{[%clk 0:58:47]} Qf6 {[%clk 0:46:31]} 28. Red3 {[%clk 0:55:30]} Nf5
{[%clk 0:40:12]} 29. R1d2 {[%clk 0:54:55]} Ne7 {[%clk 0:33:06]} 30. Ka2
{[%clk 0:53:27]} Qf5 {[%clk 0:32:54]} 31. Qd1 {[%clk 0:50:49]} Rg7
{[%clk 0:31:47]} 32. Re3 {[%clk 0:50:09]} Rdg8 {[%clk 0:31:16]} 33. Ree2
{[%clk 0:50:32]} Nc6 {[%clk 0:29:48]} 34. Qa4 {[%clk 0:48:02]} Kb7
{[%clk 0:28:28]} 35. d5 {[%clk 0:42:21]} exd5 {[%clk 0:27:58]} 36. cxd5
{[%clk 0:42:42]} Ne5 {[%clk 0:20:58]} 37. Nf4 {[%clk 0:35:57]} Rf7
{[%clk 0:13:43]} 38. Rd4 {[%clk 0:34:40]} Qd7 {[%clk 0:11:24]} 39. Qb3
{[%clk 0:32:07]} h3 {[%clk 0:06:53]} 40. gxh3 {[%clk 0:32:13]} Rg3
{[%clk 0:04:41]} 41. Re3 {[%clk 0:31:06]} a4 {[%clk 0:00:35]} 42. Rxa4
{[%clk 0:15:17]} Rf6 {[%clk 0:09:59]} 43. Rc3 {[%clk 0:38:20]} Rg1
{[%clk 0:06:07]} 44. Ne6 {[%clk 0:27:18]} Rxf3 {[%clk 0:05:33]} 45. Rxf3
{[%clk 0:26:41]} Nxf3 {[%clk 0:05:52]} 46. Qc4 {[%clk 0:24:35]} b5
{[%clk 0:05:23]} 47. Rb4 {[%clk 0:22:58]} Kb6 {[%clk 0:05:13]} 48. Nd4
{[%clk 0:19:53]}  1-0

[Event "Summer Prague Open 2022 - A"]
[Site "Olympik hotel, Sokolovska 138, Praha"]
[Date "2022.08.07"]
[Round "3"]
[Board "3"]
[White "Brozka, Karel"]
[Black "Cernousek, Lukas"]
[Result "0-1"]
[WhiteElo "2188"]
[BlackElo "2429"]
[PlyCount "0"]
[EventDate "2022.08.05"]
[EventRounds "9"]
[EventCountry "CZE"]

1. d4 {[%clk 1:30:57]} Nf6 {[%clk 1:30:53]} 2. c4 {[%clk 1:31:15]} g6
{[%clk 1:31:08]} 3. Nc3 {[%clk 1:31:04]} d5 {[%clk 1:31:31]} 4. Nf3
{[%clk 1:28:10]} Bg7 {[%clk 1:31:52]} 5. Bg5 {[%clk 1:27:56]} Ne4
{[%clk 1:32:08]} 6. cxd5 {[%clk 1:28:21]} Nxg5 {[%clk 1:32:21]} 7. Nxg5
{[%clk 1:28:45]} e6 {[%clk 1:32:40]} 8. Nf3 {[%clk 1:18:30]} exd5
{[%clk 1:33:03]} 9. e3 {[%clk 1:18:57]} O-O {[%clk 1:32:47]} 10. b4
{[%clk 1:12:20]} c6 {[%clk 1:31:46]} 11. Be2 {[%clk 1:10:08]} Be6
{[%clk 1:26:33]} 12. O-O {[%clk 1:09:39]} Nd7 {[%clk 1:20:10]} 13. Na4
{[%clk 1:01:45]} f5 {[%clk 0:51:50]} 14. b5 {[%clk 0:51:33]} cxb5
{[%clk 0:47:25]} 15. Bxb5 {[%clk 0:51:49]} f4 {[%clk 0:47:44]} 16. Qb3
{[%clk 0:47:50]} fxe3 {[%clk 0:44:19]} 17. fxe3 {[%clk 0:43:54]} Kh8
{[%clk 0:33:32]} 18. Bxd7 {[%clk 0:29:08]} Bxd7 {[%clk 0:33:43]} 19. Nc5
{[%clk 0:29:19]} Qe7 {[%clk 0:14:41]} 20. Rae1 {[%clk 0:27:35]} b6
{[%clk 0:11:33]} 21. Nd3 {[%clk 0:26:30]} Be6 {[%clk 0:11:07]} 22. Nf4
{[%clk 0:21:22]} Bg8 {[%clk 0:06:24]} 23. Qb5 {[%clk 0:15:25]} Rac8
{[%clk 0:05:26]} 24. Qd3 {[%clk 0:10:28]} Rc6 {[%clk 0:04:05]} 25. Ne5
{[%clk 0:07:23]} Bxe5 {[%clk 0:03:52]} 26. dxe5 {[%clk 0:07:28]} Re8
{[%clk 0:01:19]} 27. e4 {[%clk 0:05:27]} Qc5+ {[%clk 0:01:21]} 28. Kh1
{[%clk 0:03:41]} d4 {[%clk 0:01:50]} 29. Ne2 {[%clk 0:02:56]} Qxe5
{[%clk 0:01:11]} 30. Qxd4 {[%clk 0:02:11]} Qxd4 {[%clk 0:01:17]} 31. Nxd4
{[%clk 0:02:40]} Rc4 {[%clk 0:01:25]} 32. Nb5 {[%clk 0:01:09]} Rcxe4
{[%clk 0:01:54]} 33. Rc1 {[%clk 0:00:46]} Bc4 {[%clk 0:00:35]} 34. Nd6
{[%clk 0:00:39]} Bxf1 {[%clk 0:00:48]} 35. Nxe4 {[%clk 0:00:49]} Ba6
{[%clk 0:00:35]} 36. Nc3 {[%clk 0:00:44]} Rd8 {[%clk 0:00:41]} 37. Rc2
{[%clk 0:00:46]} Rc8 {[%clk 0:00:56]} 38. Kg1 {[%clk 0:00:50]} b5
{[%clk 0:00:35]} 39. a3 {[%clk 0:01:19]} Bb7 {[%clk 0:00:51]} 40. Kf2
{[%clk 0:00:58]} a5 {[%clk 0:01:20]} 41. Rc1 {[%clk 0:00:39]} b4 {[%clk 0:01:06]}
42. axb4 {[%clk 0:00:51]} axb4 {[%clk 0:29:20]} 43. Ne2 {[%clk 0:29:33]} Rxc1
{[%clk 0:26:04]} 44. Nxc1 {[%clk 0:30:01]} Kg7 {[%clk 0:26:08]} 45. g3
{[%clk 0:29:27]} Kf6 {[%clk 0:26:29]} 46. Ke3 {[%clk 0:28:39]} Kf5
{[%clk 0:26:33]} 47. Nd3 {[%clk 0:26:56]} b3 {[%clk 0:26:56]} 48. Nb2
{[%clk 0:24:20]} Ba6 {[%clk 0:17:42]} 49. Nd1 {[%clk 0:19:58]} Bb5
{[%clk 0:17:21]} 50. Nb2 {[%clk 0:19:01]} Ke5 {[%clk 0:08:53]} 51. Nd1
{[%clk 0:18:49]} Kd5 {[%clk 0:09:19]} 52. Nb2 {[%clk 0:18:34]} Kc5
{[%clk 0:09:47]} 53. Nd1 {[%clk 0:14:33]} Kb4 {[%clk 0:10:15]} 54. Kd2
{[%clk 0:14:42]} Ka3 {[%clk 0:10:38]} 55. Kc3 {[%clk 0:07:49]} Ba6
{[%clk 0:10:06]} 56. Kd2 {[%clk 0:05:46]} b2 {[%clk 0:09:10]} 57. Nxb2
{[%clk 0:02:59]} Kxb2 {[%clk 0:09:34]} 58. Ke3 {[%clk 0:03:21]} h5
{[%clk 0:09:48]} 59. Kf4 {[%clk 0:03:17]} Bc8 {[%clk 0:10:01]} 60. Kg5
{[%clk 0:03:07]} Bf5 {[%clk 0:10:26]}  0-1

[Event "Summer Prague Open 2022 - A"]
[Site "Olympik hotel, Sokolovska 138, Praha"]
[Date "2022.08.07"]
[Round "3"]
[Board "4"]
[White "Lutsko, Artem"]
[Black "Svatos, Jan"]
[Result "1/2-1/2"]
[WhiteElo "2407"]
[BlackElo "2185"]
[PlyCount "0"]
[EventDate "2022.08.05"]
[EventRounds "9"]
[EventCountry "CZE"]

1. d4 {[%clk 1:30:59]} Nf6 {[%clk 1:30:51]} 2. c4 {[%clk 1:31:25]} e6
{[%clk 1:30:43]} 3. Nf3 {[%clk 1:31:51]} d5 {[%clk 1:31:08]} 4. Nc3
{[%clk 1:32:09]} Be7 {[%clk 1:31:29]} 5. g3 {[%clk 1:32:29]} O-O {[%clk 1:31:53]}
6. Bg2 {[%clk 1:32:57]} dxc4 {[%clk 1:31:45]} 7. Ne5 {[%clk 1:33:23]} Nc6
{[%clk 1:32:09]} 8. Bxc6 {[%clk 1:33:21]} bxc6 {[%clk 1:32:34]} 9. Nxc6
{[%clk 1:33:47]} Qe8 {[%clk 1:32:41]} 10. Nxe7+ {[%clk 1:34:12]} Qxe7
{[%clk 1:33:09]} 11. Qa4 {[%clk 1:34:34]} c5 {[%clk 1:30:58]} 12. dxc5
{[%clk 1:35:00]} Qxc5 {[%clk 1:29:57]} 13. Be3 {[%clk 1:35:25]} Qc7
{[%clk 1:28:50]} 14. Rd1 {[%clk 1:35:44]} Bb7 {[%clk 1:24:56]} 15. O-O
{[%clk 1:35:58]} Nd5 {[%clk 1:00:18]} 16. Bd4 {[%clk 1:31:44]} Rfd8
{[%clk 0:25:14]} 17. Qc2 {[%clk 1:04:36]} e5 {[%clk 0:22:03]} 18. Nxd5
{[%clk 1:04:34]} Rxd5 {[%clk 0:22:22]} 19. Be3 {[%clk 1:04:36]} Qc6
{[%clk 0:14:53]} 20. f3 {[%clk 1:05:00]} Rad8 {[%clk 0:14:49]} 21. Rc1
{[%clk 0:54:03]} Rc8 {[%clk 0:09:58]} 22. Rfd1 {[%clk 0:54:08]} Rxd1+
{[%clk 0:10:13]} 23. Rxd1 {[%clk 0:54:15]} e4 {[%clk 0:08:28]} 24. fxe4
{[%clk 0:51:49]} Qe6 {[%clk 0:05:41]} 25. Rd4 {[%clk 0:50:05]} f5
{[%clk 0:03:18]} 26. Qd2 {[%clk 0:47:11]} Re8 {[%clk 0:03:36]} 27. Bf4
{[%clk 0:45:51]} Bxe4 {[%clk 0:02:58]} 28. Rd6 {[%clk 0:45:56]} Qf7
{[%clk 0:00:44]} 29. Qd4 {[%clk 0:45:11]} h6 {[%clk 0:00:57]} 30. Rd7
{[%clk 0:37:18]} Re7 {[%clk 0:01:19]} 31. Rxe7 {[%clk 0:37:37]} Qxe7
{[%clk 0:01:48]} 32. Qxc4+ {[%clk 0:38:00]} Kh7 {[%clk 0:02:14]} 33. Kf2
{[%clk 0:35:44]} Qb7 {[%clk 0:01:51]} 34. b3 {[%clk 0:34:28]} Bb1
{[%clk 0:01:03]} 35. Qa4 {[%clk 0:33:17]} Qh1 {[%clk 0:01:16]} 36. Qxa7
{[%clk 0:30:01]} Qxh2+ {[%clk 0:01:40]} 37. Ke1 {[%clk 0:30:29]} Qh1+
{[%clk 0:02:03]} 38. Kd2 {[%clk 0:30:55]} Qe4 {[%clk 0:02:17]} 39. Qc7
{[%clk 0:26:58]} Qd5+ {[%clk 0:02:35]} 40. Kc1 {[%clk 0:25:45]} Bxa2
{[%clk 0:02:48]} 41. Be5 {[%clk 0:25:51]} Qg8 {[%clk 0:02:44]} 42. Qc2
{[%clk 0:23:56]} Qxb3 {[%clk 0:28:55]} 43. Qxf5+ {[%clk 0:54:21]} Kg8
{[%clk 0:29:10]} 44. Qc8+ {[%clk 0:51:59]} Kh7 {[%clk 0:29:20]} 45. Qc7
{[%clk 0:51:30]} Qc4+ {[%clk 0:29:16]}  1/2-1/2